La PDDH: propuesta de solución

En este artículo se comenta la situación crítica de la Procuraduría de Defensa de los Derechos Humanos de El Salvador. Se señala que para superar tal crisis debe hacerse un esfuerzo por conseguir la participación amplia de diversos sectores sociales, produciendo ideas atrevidas que beneficien al paí...

Disgrifiad llawn

Wedi'i Gadw mewn:
Manylion Llyfryddiaeth
Fformat: Texto
Pynciau:
Tagiau: Ychwanegu Tag
Dim Tagiau, Byddwch y cyntaf i dagio'r cofnod hwn!

MARC

LEADER 00000 a a2200000 04500
001 6441
003
040
245 |a La PDDH:   |b propuesta de solución 
520 |a En este artículo se comenta la situación crítica de la Procuraduría de Defensa de los Derechos Humanos de El Salvador. Se señala que para superar tal crisis debe hacerse un esfuerzo por conseguir la participación amplia de diversos sectores sociales, produciendo ideas atrevidas que beneficien al país e impulsando las acciones para hacerlas realidad. Se ofrece una propuesta elaborada por el Instituto de Derechos Humanos de la UCA. /MSD  
650 |a INSTITUCIONES GUBERNAMENTALES  
650 |a CRISIS  
773 |g volumen 21, número 946; páginas 12-13  
999 |c 30800  |d 30800